000 00706nam a2200229 4500
003 OSt
005 20260601193858.0
008 260422b1975 sp |||| |||| 00| 0 spa d
020 _a8472140601
040 _aICI
_bspa
_cICI
_erda
050 _aTP1150
_bA54 1975
100 _aAnguita Delgado, Ramon
_eautor
245 _a Moldeo por compresión y transferencia:
_bTeoria, moldes, equipos y materiales /
_cRamón Anguita Delgado
264 _aMadrid
_bH. Blume
_c1975
300 _a 277 páginas
336 _2rdacontent
_atexto
337 _2rdamedia
_asin medio
338 _2rdacarrier
_avolumen
490 _aBiblioteca de los Polimeros
650 _aPlásticos
_x Molduras
_933403
942 _2lcc
_n1
_cB
999 _c22135
_d22135